000
00304nam a22001337a 4500
008
171006b xxu||||| |||| 00| 0 eng d
020
_a
211000050951
041
_a
eng
080
_a
159.9
100
_a
48
101
_a
PSI
245
_a
INTRODUCTION TO SOCIAL PSYCHOLOGY
_c
LIPPA, R.A
942
_2
udc
_c
BK
999
_c
32148
_d
32148